[Event "Perm"]
[Site "Perm"]
[Date "2010.06.10"]
[Round "7"]
[White "Grib, Tatiana"]
[Black "Lavretzkij, Roman"]
[Result "0-1"]
[WhiteElo "2000"]
[BlackElo "2289"]
[PlyCount "32"]
[EventDate "2010.06.07"]
[EventType "tourn"]
[EventRounds "9"]
[EventCountry "RUS"]
[SourceTitle "EXT 2012"]
[Source "ChessBase"]
[SourceDate "2011.11.24"]
[SourceVersion "1"]
[SourceVersionDate "2011.11.24"]
[SourceQuality "1"]

1. e4 e6 2. d4 d5 3. e5 c5 4. c3 Qb6 5. Nf3 Nc6 6. a3 Bd7 7. b4 cxb4 8. cxb4 Rc8 9. Be2 a5 10. b5 Nxd4 11. Nxd4 Rxc1 12. Qxc1 Qxd4 13. Qc3 Bc5 14. 0-0 Qxc3 15. Nxc3 Bd4 16. Rac1 Bxe5 0-1

[Event "Perm"]
[Site "Perm"]
[Date "2010.06.08"]
[Round "3"]
[White "Matveeva, Olga"]
[Black "Grib, Tatiana"]
[Result "1-0"]
[WhiteElo "2217"]
[BlackElo "2000"]
[PlyCount "79"]
[EventDate "2010.06.07"]
[EventType "tourn"]
[EventRounds "9"]
[EventCountry "RUS"]
[SourceTitle "EXT 2012"]
[Source "ChessBase"]
[SourceDate "2011.11.24"]
[SourceVersion "1"]
[SourceVersionDate "2011.11.24"]
[SourceQuality "1"]

1. d4 d5 2. c4 c6 3. cxd5 cxd5 4. Nc3 e5 5. dxe5 d4 6. Ne4 Bf5 7. Nd2 Nc6 8. a3 Bc5 9. Ngf3 Nge7 10. g3 Ng6 11. Bg2 0-0 12. 0-0 Qd7 13. b4 Bb6 14. Nc4 Bc7 15. Bb2 Rad8 16. Rc1 a6 17. Qd2 b5 18. Nd6 Bxd6 19. exd6 Qxd6 20. Rfd1 Rfe8 21. Nxd4 Nxd4 22. Bxd4 Be4 23. Bxe4 Rxe4 24. Be3 Qxd2 25. Rxd2 Rxd2 26. Rc8+ Nf8 27. Bxd2 f6 28. Be3 Kf7 29. Ra8 Re6 30. Ra7+ Kg8 31. Kf1 Ng6 32. Bd4 Ne7 33. e3 Nf5 34. Bc5 Nh6 35. h3 g5 36. Ke2 Nf7 37. Bd4 Kg7 38. Kd3 Kg6 39. f4 gxf4 40. gxf4 1-0

[Event "BLR-ch U20 Girls"]
[Site "Minsk"]
[Date "2006.04.09"]
[Round "3"]
[White "Grib, Tatiana"]
[Black "Savurko, Alexandra"]
[Result "0-1"]
[WhiteElo "2061"]
[BlackElo "2145"]
[PlyCount "112"]
[EventDate "2006.04.07"]
[EventType "tourn"]
[EventRounds "7"]
[EventCountry "BLR"]
[SourceTitle "EXT 2007"]
[Source "ChessBase"]
[SourceDate "2006.11.23"]
[SourceVersion "1"]
[SourceVersionDate "2006.11.23"]
[SourceQuality "1"]

1. e4 c5 2. Nf3 e6 3. d4 cxd4 4. Nxd4 Nc6 5. c4 Nf6 6. Nc3 Bb4 7. Nxc6 bxc6 8. Bd3 d6 9. 0-0 Bxc3 10. bxc3 e5 11. Bc2 0-0 12. Ba3 c5 13. Bc1 Bg4 14. f3 Be6 15. Qd3 Nh5 16. Be3 Rb8 17. Rfd1 Nf4 18. Bxf4 exf4 19. e5 g6 20. Qxd6 Qxd6 21. exd6 Rfd8 22. Rab1 Rxb1 23. Bxb1 Bxc4 24. a3 f6 25. Bc2 Kf7 26. Ba4 a6 27. Bc6 Ke6 28. d7 Bb5 29. Re1+ Kd6 30. Re8 Kc7 31. Rxd8 Kxd8 32. Bd5 Kxd7 33. Kf2 Kd6 34. c4 Bc6 35. Bg8 h6 36. Ke2 Ke5 37. Kd3 g5 38. Bf7 f5 39. h3 g4 40. Bh5 g3 41. h4 a5 42. Kc3 Ba4 43. Kd3 Kf6 44. Ke2 Bc2 45. Kd2 Ba4 46. Ke2 Bd7 47. Kd3 Be6 48. Be8 Bf7 49. Bd7 Kg6 50. Kc3 Kh5 51. Bxf5 Kxh4 52. Bd7 Kg5 53. Kb3 h5 54. Bh3 Be8 55. Kc3 h4 56. Kd2 Bg6 0-1

[Event "BLR-ch U20 Girls"]
[Site "Minsk"]
[Date "2006.04.08"]
[Round "2"]
[White "Homiakova, Ekaterina"]
[Black "Grib, Tatiana"]
[Result "1/2-1/2"]
[WhiteElo "1988"]
[BlackElo "2061"]
[PlyCount "53"]
[EventDate "2006.04.07"]
[EventType "tourn"]
[EventRounds "7"]
[EventCountry "BLR"]
[SourceTitle "EXT 2007"]
[Source "ChessBase"]
[SourceDate "2006.11.23"]
[SourceVersion "1"]
[SourceVersionDate "2006.11.23"]
[SourceQuality "1"]

1. e4 e6 2. d4 d5 3. Nc3 Nf6 4. e5 Nfd7 5. f4 c5 6. Nf3 cxd4 7. Nxd4 Bc5 8. Be3 a6 9. Qd2 Nc6 10. 0-0-0 Nxd4 11. Bxd4 Bxd4 12. Qxd4 b5 13. Bd3 Qb6 14. Ne2 Qxd4 15. Nxd4 g6 16. g4 g5 17. f5 Nxe5 18. Rhe1 Nxg4 19. fxe6 fxe6 20. Nxe6 Bxe6 21. Rxe6+ Kf7 22. Bf5 Nf6 23. Rf1 Rhe8 24. Rd6 Kg7 25. Be6 Red8 26. Rc6 Ra7 27. Bc8 1/2-1/2